| 000 | 00577cam a22001932 4500 | ||
|---|---|---|---|
| 001 | 0000009718 | ||
| 005 | 20151217155842.0 | ||
| 008 | 081119s xx 000 0 eng d | ||
| 040 |
_aKABU _cKABU |
||
| 245 | 1 | 0 |
_aPortuguese voyages / _cedited by Charles David Ley. |
| 250 | _a1st ed. | ||
| 260 |
_aLondon : _bJ. M. Dent, _c1947. |
||
| 300 | _axxii, 360 p. | ||
| 650 | 0 |
_aDiscoveries in geography _xPortuguese. _@0000161471 |
|
| 700 | 1 |
_aLey, Charles David. _@0000161472 |
|
| 852 | 1 | _9p100 KES | |
| 908 | _a081119 | ||
| 950 | _@1 | ||
| 999 |
_c13246 _d13246 |
||